Tests and drills in english grammar
Gardado en:
| Autor Principal: | |
|---|---|
| Formato: | Libro |
| Idioma: | inglés |
| Publicado: |
Nueva York
Regents
1972
|
| Series: | Dixon English Series
|
| Subjects: | |
| Tags: |
Engadir etiqueta
Sen Etiquetas, Sexa o primeiro en etiquetar este rexistro!
|
MARC
| LEADER | 00000nam a2200000 a 4500 | ||
|---|---|---|---|
| 001 | UCQ2786 | ||
| 003 | CL-VaPUC | ||
| 008 | 980731e19720000US |||||||||||||||||eng|d | ||
| 082 | 0 | 4 | |a 425.07 |b DIX |2 21 |
| 100 | 0 | |a Dixson, Robert J |e author |9 416855 | |
| 245 | 1 | 0 | |a Tests and drills in english grammar |
| 300 | |a v | ||
| 942 | |c BK | ||
| 945 | |d 19980731 00:00:00 |a crobeson | ||
| 260 | |a Nueva York |b Regents |c 1972 | ||
| 650 | 0 | |a Gramática inglesa |9 392981 | |
| 650 | 0 | |a Inglés |9 260023 | |
| 650 | 0 | |a Enseñanza del inglés |9 367340 | |
| 650 | 0 | |a Educación lingüística |9 306506 | |
| 650 | 7 | |a TESTS DE IDIOMAS |2 CL-VaPUC |9 416856 | |
| 583 | |a last modification |c 19980731 00:00:00 |k Rodrigo Vera | ||
| 490 | 0 | |a Dixon English Series | |
| 999 | |c 273552 |d 273550 | ||
| 952 | |0 0 |1 0 |4 0 |6 425_070000000000000_DIX_1972 |7 0 |8 A |9 309240 |a BIBEDU |b BIBEDU |d 2019-11-20 |h v.2 |i 1449729 |o 425.07 DIX 1972 |p 1449729 |r 2019-11-20 |w 2019-11-20 |y BK |k LIT | ||
| 952 | |0 0 |1 0 |4 0 |6 425_070000000000000_DIX_1972 |7 0 |8 A |9 309241 |a BIBEDU |b BIBEDU |d 2019-11-20 |h v.2 |i 1449737 |o 425.07 DIX 1972 |p 1449737 |r 2019-11-20 |w 2019-11-20 |y BK |k LIT | ||